| 000 | 00386nam a22001097a 4500 | ||
|---|---|---|---|
| 008 | 240726b |||||||| |||| 00| 0 eng d | ||
| 040 |
_aNational Science Library _cNational Science Library |
||
| 245 | _aVarosi kozuti kozlekedesi csomopontok | ||
| 260 |
_aBudapest: _bOrszagos Muszaki Konyvtar Es Dokumentacios Kozpont, _c1964 |
||
| 490 | _aTemadokumentacios kiadvanyok | ||
| 942 |
_2udc _cBK |
||
| 999 |
_c64888 _d64888 |
||